LEADER 01361nam a2200229 a 4500 001 000000111794 003 CaOOAMICUS 005 20080522110121.0 008 080522s2007 it m 000 0 eng d 040 $aPUL$bita$dMCT 100 1 $aThoppilan, Pauly,$cm.s.$0(OLS)http://pul/name/68766 245 14$aThe charism of reconciliation :$ba study on the origin and development of the charism and mission of the Missionaries of our Lady of La Salette and its relevance and significance today in the light of the post-Vatican II Church documents /$cPauly Thoppilan. 260 $aRoma :$b[s.n.],$c2007. 300 $aviii, 103 p. ;$c24 cm 502 $aEstratto dissertazione: Pontificia Universitas Gregoriana. Facultas theologiae. Institutum spiritualitatis, Roma, 2007. 504 $aBibliografia: p. [75]-97. 650 4$aMissiologia.$0(OLS)http://pul/subject/9730 850 $aPUL 852 $aPUL$W1$xDP1 Tesi Pon. Univ. Gregoriana$y40$m2007 B 52$j128073$qTesi$B126840$CPULBib$Z2$F126840 $82 941 1 $a16 996 $6245$aThe charism of reconciliation :$ba study on the origin and development of the charism and mission of the Missionaries of our Lady of La Salette and its relevance and significance today in the light of the post-Vatican II Church documents$9(OLS)http://pul/title/140595 996 $6260$aRoma :$b[s.n.]$9(OLS)http://pul/publisher/47958 LEADER 01757nam a2200361 a 4500 001 000000140850 003 CaOOAMICUS 005 20141211103942.0 008 141211s2014 it u000 u ita r 020 $a978-88-13-33998-2 040 $aPUL$bita 082 04$a348.45 100 1 $aConso, Giovanni.$0(OLS)http://pul/name/15769 245 10$aCommentario breve al codice di procedura penale :$bcomplemento giurisprudenziale, appendice di aggiornamento 2014 /$cGiovanni Conso, Giulio Illuminati ; a cura di Livia Giuliani. 250 $a8. ed. 260 $aPadova :$bCEDAM,$c2014$aMilanofiori Assago :$bWolters Kluwer 300 $aXXIII, 426 p. ;$c24 cm 490 1 $aBreviaria Iuris ;$v06 500 $aTesto su due colonne. 630 04$aCodice di procedura penale$zItalia.$0(OLS)http://pul/subject/20312 650 4$aProcedura penale$zItalia.$0(OLS)http://pul/subject/12686 700 1 $aIlluminati, Giulio,$d1946-$0(OLS)http://pul/name/88153 700 1 $aGiuliani, Livia,$d1966-$0(OLS)http://pul/name/84262 830 0$aBreviaria Iuris ;$v06.$0(OLS)http://pul/title/8521 850 $aPUL 852 $aPUL$W1$xDP2 Diritto e Scienze Sociali 3$y110$m348. 45 COD 1.1.40$j162618$qDDC 21$B162236$CPULBib$Z2$F162236 $H125097 $82 941 1 $a9 996 $6020$a978-88-13-33998-2$9(OLS)http://pul/number/156473 996 $6082$a348.45$9(OLS)http://pul/classification/373 996 $6245$aCommentario breve al codice di procedura penale :$bcomplemento giurisprudenziale, appendice di aggiornamento 2014$9(OLS)http://pul/title/178208 996 $6260$aPadova :$bCEDAM$9(OLS)http://pul/publisher/48126 996 $6260$aMilanofiori Assago :$bWolters Kluwer$9(OLS)http://pul/publisher/81463